[Event "14th Padova Open"]
[Site "Padova ITA"]
[Date "2011.12.13"]
[Round "4"]
[White "Maiorov,N1"]
[Black "Lazic,Mir"]
[Result "0-1"]
[WhiteElo "2558"]
[BlackElo "2459"]

1.d4 d5 2.c4 c6 3.Nc3 Nf6 4.e3 e6 5.Nf3 Nbd7 6.Qc2 Bd6 7.Be2 O-O 8.O-O dxc4
9.Bxc4 b5 10.Bd3 Bb7 11.a3 a6 12.Ng5 h6 13.Nge4 Bb8 14.b4 e5 15.dxe5 Nxe5
16.Be2 Nxe4 17.Nxe4 c5 18.Nxc5 Nf3+ 19.Bxf3 Bxf3 20.Qf5 Qd6 21.g3 Be2 22.Re1 Qe5
23.Qxe5 Bxe5 24.Rb1 Bc4 25.Bb2 Bxb2 26.Rxb2 a5 27.Rd1 axb4 28.axb4 Rfd8 29.Rxd8+ Rxd8
30.f3 f5 31.Kf2 Rd1 32.e4 fxe4 33.fxe4 Kf7 34.Ke3 Kf6 35.Rf2+ Ke7 36.Kf4 Rb1
37.Ke5 Rxb4 38.Rd2 Rb1 39.Rd7+ Kf8 40.Ne6+ Bxe6 41.Kxe6 Kg8 42.e5 b4 43.Ke7 b3
44.e6 b2 45.Rd2 Ra1 46.Rxb2 Ra7+ 47.Kd6 Ra6+ 48.Kd5 Ra5+ 49.Kc6 Kf8 50.Rb7 Ra2
51.Rf7+ Kg8 52.h4 Ra3 53.Rf2 Ra6+ 54.Kd7 Ra7+ 55.Kd8 Ra8+ 56.Kc7 Ra7+ 57.Kd6 Ra6+
58.Ke5 Ra5+ 59.Ke4 Ra4+ 60.Kf5 Ra5+ 61.Ke4 Ra4+ 62.Kd5 Ra5+ 63.Kc6 Ra6+ 64.Kd7 Ra7+
65.Kc8 Ra8+ 66.Kc7 Ra7+ 67.Kb6 Ra8 68.Re2 Kf8 69.e7+ Ke8 70.Kb7 Ra3 71.g4 Ra4
72.g5 Rxh4 73.gxh6 Rxh6 74.Kc7 g5 75.Re5 Rg6 76.Re1 g4 77.Re4 g3 78.Re1 g2
79.Rg1 Kxe7 80.Kb7 Kd6 81.Kb6 Ke5+  0-1

[Event "18th Zadar Open A"]
[Site "Zadar CRO"]
[Date "2011.12.13"]
[Round "4.17"]
[White "Rezan,S"]
[Black "Matko,O"]
[Result "1-0"]
[WhiteElo "2435"]
[BlackElo "2244"]

1.c4 c6 2.d4 d5 3.Nc3 Nf6 4.Nf3 e6 5.e3 Nbd7 6.Qc2 Bd6 7.b3 O-O 8.Bb2 b6
9.Bd3 Bb7 10.O-O Rc8 11.e4 dxe4 12.Nxe4 Nxe4 13.Bxe4 Nf6 14.Bd3 h6 15.Rad1 Qe7
16.Rfe1 Rfd8 17.Ne5 Nd7 18.Nf3 Nf6 19.Re3 Qc7 20.c5 Bf4 21.Ree1 Qe7 22.b4 Nd5
23.a3 b5 24.Qe2 a5 25.bxa5 Ra8 26.Qe4 g6 27.h4 h5 28.g3 Bh6 29.Ne5 Qf6 30.Bb1 Rxa5
31.Rd3 Qg7 32.Rf3 f5 33.Qe2 Re8 34.Ba2 Kh7 35.Bxd5 exd5 36.Bc1 Ra4 37.Bxh6 Qxh6
38.Qd3 Raa8 39.Rxf5 gxf5 40.Qxf5+ Kh8 41.Nf7+ Kg7 42.Nxh6 Rxe1+ 43.Kg2 Kxh6
44.Qf6+ Kh7 45.Qf7+ Kh8 46.Qxb7 Rxa3 47.Qxc6 Ra2 48.Qxb5 Ree2 49.Qb8+ Kg7
50.Qf4 Rac2 51.Qf5 Rcd2 52.c6 Rc2 53.c7 Rxc7 54.Qg5+  1-0

[Event "IV Amitan Mem IM"]
[Site "Donetsk UKR"]
[Date "2011.12.14"]
[Round "9"]
[White "Lojko,Alexej"]
[Black "Nemkova,L"]
[Result "1/2-1/2"]
[WhiteElo "2230"]
[BlackElo "2182"]

1.d4 d5 2.c4 c6 3.Nc3 Nf6 4.Nf3 e6 5.e3 Nbd7 6.Bd3 Bd6 7.e4 dxe4 8.Nxe4 Nxe4
9.Bxe4 O-O 10.O-O h6 11.b3 e5 12.dxe5 Nxe5 13.Bb2 Qf6 14.Nxe5 Bxe5 15.Bxe5 Qxe5
16.Re1 Qf6 17.Qf3 Qxf3 18.Bxf3 Be6 19.Rad1 Rad8 20.Rxd8 Rxd8 21.Rd1 Rxd1+
22.Bxd1 Kf8  1/2-1/2

[Event "18th Zadar Open A"]
[Site "Zadar CRO"]
[Date "2011.12.14"]
[Round "5.2"]
[White "Sedlak,N"]
[Black "Saric,Iv"]
[Result "1/2-1/2"]
[WhiteElo "2592"]
[BlackElo "2648"]

1.d4 d5 2.c4 e6 3.Nc3 c6 4.e3 Nf6 5.Nf3 Nbd7 6.Qc2 Bd6 7.Be2 O-O 8.O-O dxc4
9.Bxc4 a6 10.Rd1 b5 11.Bd3 Bb7 12.Bd2 c5 13.Ne4 Bxe4 14.Bxe4 Rc8 15.Bb7 Rb8
16.Bc6 cxd4 17.Bxd7 dxe3 18.Ba5 exf2+ 19.Kf1 Qxd7 20.Ne5 Qe7 21.Nc6 Qd7 22.Ne5 Qe7
23.Nc6  1/2-1/2

[Event "European Blitz 2011"]
[Site "Warsaw POL"]
[Date "2011.12.16"]
[Round "4"]
[White "Moranda,W"]
[Black "Potkin,V"]
[Result "1/2-1/2"]
[WhiteElo "2568"]
[BlackElo "2684"]

1.d4 d5 2.c4 e6 3.Nf3 Nf6 4.Nc3 c6 5.e3 Nbd7 6.Bd3 dxc4 7.Bxc4 b5 8.Bd3 Bd6
9.O-O O-O 10.a3 Bb7 11.Qc2 h6 12.e4 e5 13.dxe5 Nxe5 14.Nxe5 Bxe5 15.h3 a6
16.Be3 Re8 17.Rad1 Qe7 18.Ne2 c5 19.Bxc5 Qc7 20.Bd4 Nxe4 21.Qxc7 Bxc7 22.Nc3 Nxc3
23.Bxc3 Rad8 24.Bc2 Bd5 25.Rd3 Bc4 26.Rxd8 Bxd8 27.Re1 Rxe1+ 28.Bxe1 Bf6
29.b3 Bd5 30.a4 Kf8 31.axb5 axb5 32.Bd3 Bc6 33.f3 Ke7 34.Kf2 Bd4+ 35.Ke2 Kd6
36.Bb4+ Bc5 37.Bc3 f6 38.Bd2 Bd4 39.Bb4+ Bc5 40.Bc3 Bb6 41.Bb4+  1/2-1/2

[Event "European Blitz 2011"]
[Site "Warsaw POL"]
[Date "2011.12.16"]
[Round "9"]
[White "Nepomniachtchi,I"]
[Black "Korobov,A"]
[Result "1-0"]
[WhiteElo "2730"]
[BlackElo "2660"]

1.d4 Nf6 2.Nf3 d5 3.c4 c6 4.e3 e6 5.Nc3 Nbd7 6.Bd3 dxc4 7.Bxc4 b5 8.Bd3 Bb7
9.O-O a6 10.e4 c5 11.d5 Qc7 12.Re1 c4 13.Bc2 e5 14.h3 Bc5 15.Ne2 O-O 16.Ng3 Ne8
17.Ng5 h6 18.Nf3 Nd6 19.Nh4 Nf6 20.Qf3 Qd8 21.Nhf5 Bc8 22.Nxh6+ gxh6 23.Bxh6 Re8
24.Bg5 Kg7 25.Bxf6+  1-0

[Event "18th Zadar Open A"]
[Site "Zadar CRO"]
[Date "2011.12.16"]
[Round "8.1"]
[White "Sebenik,M"]
[Black "Jankovic,A"]
[Result "1/2-1/2"]
[WhiteElo "2518"]
[BlackElo "2564"]

1.d4 d5 2.c4 c6 3.Nc3 Nf6 4.e3 e6 5.Nf3 a6 6.Qc2 c5 7.cxd5 exd5 8.Be2 Nc6
9.O-O cxd4 10.Nxd4 Nxd4 11.exd4 Be7 12.Qb3 b5 13.Bg5 Be6 14.Bf3 O-O 15.Rfd1 Rc8
16.a4 b4 17.Bxf6 Bxf6 18.Qxb4 Rc4 19.Qb7 Qd6 20.Nxd5 Bxd5 21.Qxd5 Qxd5 22.Bxd5 Rxd4
23.Rxd4 Bxd4 24.Rc1 Bxb2 25.Rc6 a5 26.Rc5 Re8 27.g4 Kf8 28.Rxa5 Bd4 29.Kf1 Re1+
30.Kxe1 Bc3+ 31.Ke2 Bxa5 32.Kd3 Ke7 33.Kc4 f6 34.Bg8 h6 35.Kd5 Be1 36.f3 Bd2
37.h4 Be1 38.h5 Bd2 39.Kc6 Be1 40.Bh7 Bd2 41.Bb1 Be1 42.Ba2 Bd2 43.Kb5 Kd6
44.a5 Be3 45.a6 Ba7 46.f4 Be3 47.Bb1 Kc7 48.Be4 Kb8  1/2-1/2

[Event "14th Padova Open"]
[Site "Padova ITA"]
[Date "2011.12.17"]
[Round "8"]
[White "Efimov,Ig"]
[Black "Quaranta,C"]
[Result "1-0"]
[WhiteElo "2418"]
[BlackElo "2118"]

1.d4 Nf6 2.Nf3 d5 3.c4 c6 4.Nc3 e6 5.e3 Nbd7 6.Bd3 a6 7.O-O dxc4 8.Bxc4 b5
9.Bd3 c5 10.b3 Be7 11.Bb2 Bb7 12.a4 cxd4 13.Nxd4 b4 14.Nce2 Nc5 15.Bc2 O-O
16.f3 Qc7 17.Qe1 Nd5 18.Ng3 a5 19.Nb5 Qb6 20.Nh5 f6 21.Kh1 Rf7 22.Qb1 g6
23.Bxg6 hxg6 24.Qxg6+ Kf8 25.e4 Nc3 26.Bc1 Bd8 27.e5 fxe5 28.Bh6+ Ke7 29.Rad1 Nxd1
30.Rxd1 Bd5 31.Qg8 Nd7 32.Bg5+ Nf6 33.Nxf6 Rxf6 34.Qg7+ Ke8 35.Bxf6 Bxf6
36.Nc7+ Kd8 37.Nxd5  1-0

[Event "European Rapid 2011"]
[Site "Warsaw POL"]
[Date "2011.12.17"]
[Round "4"]
[White "Sadzikowski,D"]
[Black "Andriasian,Z"]
[Result "0-1"]
[WhiteElo "2380"]
[BlackElo "2619"]

1.d4 d5 2.c4 c6 3.Nc3 Nf6 4.e3 e6 5.Nf3 Nbd7 6.Qc2 Bd6 7.Bd3 O-O 8.O-O dxc4
9.Bxc4 b5 10.Bd3 Bb7 11.Rd1 a6 12.Ng5 h6 13.Nge4 Be7 14.a3 a5 15.Rb1 Nd5
16.Nc5 Nxc5 17.dxc5 Qc7 18.Nxd5 exd5 19.b4 Bc8 20.e4 Be6 21.Bb2 Rfd8 22.e5 axb4
23.axb4 Ra4 24.Bd4 Qd7 25.f4 f5 26.exf6 Bxf6 27.Bxf6 gxf6 28.f5 Bf7 29.Qc1 Kh7
30.Bc2 Ra2 31.Rb3 Rg8 32.Qb1 Raa8 33.Re3 Qc7 34.Qb2 Qf4 35.Rde1 d4 36.Re4 Rxg2+
37.Kxg2 Rg8+ 38.Kh3 Qf3+ 39.Kh4 Qh5+  0-1

[Event "European Rapid 2011"]
[Site "Warsaw POL"]
[Date "2011.12.17"]
[Round "6"]
[White "Olszewski,Mi"]
[Black "Ustiyanovich,N"]
[Result "1/2-1/2"]
[WhiteElo "2539"]
[BlackElo "2176"]

1.d4 d5 2.c4 c6 3.Nf3 Nf6 4.Nc3 e6 5.e3 g6 6.Be2 Bg7 7.O-O O-O 8.Qc2 Nbd7
9.Rd1 Qc7 10.b3 a6 11.Ba3 Re8 12.Rac1 dxc4 13.bxc4 c5 14.Nd2 Bf8 15.Nde4 b6
16.dxc5 bxc5 17.Qa4 Be7 18.Nxf6+ Nxf6 19.Ne4 Bb7 20.Nxf6+ Bxf6 21.Rd7 Qb6
22.Qb3 Qxb3 23.axb3 Bc8 24.Rc7 Rb8 25.Bd1 Rd8 26.Bxc5 Be5 27.Ra7 Rd2 28.b4 Bb2
29.Rb1 e5 30.e4 Be6 31.Bb3 Bd4 32.h3 Bxc5 33.bxc5 Rc8 34.Rxa6 Rxc5 35.Rb6 Rd4
36.Rb5 Rc7 37.Rxe5 Bxc4 38.Rc1 Rc8 39.f3 Kg7 40.Kf2 Rd2+ 41.Kg3 Kf6 42.Ra5  1/2-1/2

[Event "European Rapid 2011"]
[Site "Warsaw POL"]
[Date "2011.12.17"]
[Round "8"]
[White "Ruck,R1"]
[Black "Potkin,V"]
[Result "1/2-1/2"]
[WhiteElo "2579"]
[BlackElo "2684"]

1.Nf3 d5 2.d4 Nf6 3.c4 e6 4.Nc3 c6 5.e3 Nbd7 6.Qc2 Bd6 7.b3 O-O 8.Be2 b6
9.O-O Bb7 10.Bb2 Qe7 11.Rad1 Rfe8 12.Rfe1 Bb4 13.Qc1 a6 14.a3 Bd6 15.b4 dxc4
16.Bxc4 c5 17.dxc5 bxc5 18.b5 Ne5 19.Nxe5 Bxe5 20.f4 Bc7 21.bxa6 Bxa6 22.Bxa6 Rxa6
23.Nb5 Nd5 24.Re2 Ra5 25.Nc3 c4 26.Kh1 h6 27.Red2 Bb6 28.Nxd5 exd5 29.Rxd5 Rxd5
30.Rxd5 Qxe3 31.Rd1 Qb3 32.Be5 f6 33.Bc3 Re2 34.Re1 Be3 35.Qd1 Qxd1 36.Rxd1 Ra2
37.Bb4 Bxf4 38.g3 Be3 39.Rd8+ Kf7 40.Rc8 Rc2 41.a4 g5 42.g4 f5 43.gxf5 g4
44.Rf8+ Kg7 45.f6+ Kg6 46.Rg8+ Kf5 47.h3 Kxf6 48.Rxg4 Ke5 49.a5 h5 50.Rh4 c3
51.Rc4 Rc1+ 52.Kg2 c2 53.Ba3 Ra1 54.Bb2+ Kd5 55.Rxc2 Rxa5 56.Kf3  1/2-1/2

[Event "European Rapid 2011"]
[Site "Warsaw POL"]
[Date "2011.12.18"]
[Round "13"]
[White "Erdos,V"]
[Black "Sjugirov,S"]
[Result "1/2-1/2"]
[WhiteElo "2623"]
[BlackElo "2622"]

1.d4 d5 2.c4 c6 3.Nf3 Nf6 4.Nc3 e6 5.e3 Nbd7 6.Qc2 Bd6 7.b3 O-O 8.Be2 b6
9.Bb2 Bb7 10.O-O Qe7 11.Rad1 Rfe8 12.Rfe1 Bb4 13.Qc1 Rac8 14.a3 Bd6 15.Qa1 Bb8
16.Bd3 c5 17.cxd5 Nxd5 18.Nxd5 Bxd5 19.Nd2 cxd4 20.Bxd4 Nc5 21.Bc2 Qc7  1/2-1/2

[Event "European Rapid 2011"]
[Site "Warsaw POL"]
[Date "2011.12.18"]
[Round "13"]
[White "Moranda,W"]
[Black "Lewtak,Da"]
[Result "1/2-1/2"]
[WhiteElo "2568"]
[BlackElo "2138"]

1.d4 d5 2.c4 c6 3.Nc3 Nf6 4.e3 e6 5.Nf3 Bd6 6.Bd3 Nbd7 7.e4 Nxe4 8.Nxe4 dxe4
9.Bxe4 e5 10.O-O O-O 11.dxe5 Nxe5 12.Nxe5 Bxe5 13.Bxh7+ Kxh7 14.Qh5+ Kg8
15.Qxe5 Re8 16.Qc3 Bf5 17.Be3 Qc7 18.Rad1 Re6 19.Rd4 Rae8 20.Rf4 Bg6 21.h3 a6
22.b3 Be4 23.Rg4 Rg6 24.Rxg6 Bxg6 25.Rd1 Rd8 26.Re1 Qd7 27.Qa5 Re8 28.Qg5 Qf5
29.Qxf5 Bxf5 30.Rd1 f6 31.g4 Be6 32.Kh2 Kf7 33.Kg3 b5 34.c5 Bd5 35.h4 a5
36.h5 Ra8 37.Rd4 a4 38.bxa4 Rxa4 39.Rxa4 bxa4 40.a3 Bc4 41.f4 Be2 42.Kh4 Bd1
43.Bd4 Kg8 44.h6 f5 45.g5 g6 46.Kg3 Be2 47.Bc3 Bb5 48.Kf2 Kh7 49.Ke3 Kg8
50.Kd4 Kh7 51.Ke5 Kg8  1/2-1/2

[Event "XXII Cajacanarias Christmas"]
[Site "Santa Cruz de Tenerife ESP"]
[Date "2011.12.20"]
[Round "3"]
[White "Aguirre Lorenzo,L"]
[Black "Gonzalez Diaz,E"]
[Result "1-0"]
[WhiteElo "2090"]
[BlackElo "1482"]

1.Nf3 d5 2.d4 c6 3.c4 Nf6 4.Nc3 e6 5.e3 Bd6 6.Qc2 Nbd7 7.b3 a6 8.Be2 b6 9.O-O O-O
10.e4 dxe4 11.Nxe4 Nxe4 12.Qxe4 Qc7 13.Bd3 Nf6 14.Qh4 Be7 15.Bf4 Qd8 16.Be5 h6
17.Rad1 Ne8 18.Qg3 Bf6 19.Rfe1 g5 20.h4 Be7 21.hxg5 hxg5 22.Qh3 f5 23.Qh8+ Kf7
24.Qh5+ Kg8 25.Qg6+  1-0

[Event "48th Groningen Open A"]
[Site "Groningen NED"]
[Date "2011.12.22"]
[Round "2.25"]
[White "Hummel,J"]
[Black "Meurs,T"]
[Result "0-1"]
[WhiteElo "2030"]
[BlackElo "2247"]

1.d4 d5 2.c4 c6 3.Nf3 Nf6 4.Nc3 e6 5.e3 Nbd7 6.Bd3 dxc4 7.Bxc4 b5 8.Bd3 Bb7
9.e4 b4 10.Na4 c5 11.e5 Nd5 12.Nxc5 Bxc5 13.dxc5 Nxc5 14.Bb5+ Kf8 15.O-O h6
16.Re1 g6 17.Bd2 Kg7 18.Bf1 Qb6 19.a4 a5 20.Nd4 Rad8 21.Nb5 Ba6 22.Nd6 Bxf1
23.Rxf1 Nd7 24.Qe2 Qd4 25.Nc4 Qa7 26.Kh1 N7b6 27.b3 Nxc4 28.bxc4 Ne7 29.Be3 Qc7
30.f4 Nf5 31.Bf2 h5 32.c5 h4 33.Qf3 Rd2 34.Rfd1 Rc2 35.Rd3 Rd8 36.Kg1 Rxf2
37.Kxf2 Qxc5+ 38.Kf1 Rxd3 39.Qxd3 Ne3+ 40.Ke2 Nd5 41.Kf3 Nc3 42.Qd8 Nd5 43.Kg4 Qd4  0-1

[Event "48th Groningen Open A"]
[Site "Groningen NED"]
[Date "2011.12.22"]
[Round "2.18"]
[White "Vogel,Ja"]
[Black "Firat,B"]
[Result "1/2-1/2"]
[WhiteElo "2169"]
[BlackElo "2393"]

1.d4 Nf6 2.Nf3 d5 3.c4 c6 4.e3 e6 5.Nc3 Nbd7 6.b3 Be7 7.Bd3 O-O 8.O-O b6
9.Bb2 Bb7 10.Qe2 c5 11.Rfd1 cxd4 12.exd4 Rc8 13.Rac1 Bb4 14.Ne5 Qe7 15.f4 g6
16.Nb5 Nxe5 17.fxe5 Nh5 18.Qg4 a6 19.Nc3 dxc4 20.bxc4 Rfd8 21.Ne4 Bxe4 22.Qxe4 Ba3
23.Rb1 Ng7 24.g4 h5 25.h3 hxg4 26.hxg4 Bxb2 27.Rxb2 Qg5 28.Rg2 Rc7 29.Be2 Rcd7
30.Kf1 f6 31.exf6 Qxf6+ 32.Rf2 Qg5 33.Qf4 Qxf4 34.Rxf4 Rf7 35.Rf3 Rfd7 36.Rf4 g5
37.Re4 Kf7 38.Kf2 Ne8 39.Ke3 Nf6 40.Re5 Rh8 41.Rf1 Rhd8 42.Rd1 Rh8 43.Rxg5 Rh3+
44.Kf4 Rd8 45.Bf3 Rc8 46.c5 bxc5 47.Rxc5 Rxc5 48.dxc5 e5+ 49.Kxe5 Rxf3 50.g5 Re3+
51.Kf4 Re4+ 52.Kf5 Rc4 53.gxf6  1/2-1/2

[Event "FIDE Women's World Teams"]
[Site "Mardin TUR"]
[Date "2011.12.25"]
[Round "7"]
[White "Nguyen Thi Mai Hung"]
[Black "Frick,D"]
[Result "1-0"]
[WhiteElo "2244"]
[BlackElo "1916"]

1.d4 d5 2.c4 c6 3.Nf3 Nf6 4.Nc3 e6 5.e3 Nbd7 6.Bd3 dxc4 7.Bxc4 b5 8.Bd3 a6
9.e4 c5 10.e5 Nd5 11.Nxd5 exd5 12.O-O Be7 13.Bc2 c4 14.Qe2 Nb6 15.h3 b4 16.Nh2 a5
17.f4 a4 18.f5 Bg5 19.Ng4 Bxc1 20.Raxc1 Ba6 21.f6 g6 22.e6 c3 23.exf7+ Kxf7
24.Ne5+ Kf8 25.Bd3 Bxd3 26.Nxd3 Qe8 27.Ne5 Nc4 28.bxc3 b3 29.Rce1 Nxe5 30.dxe5 Qe6
31.Qe3 h5 32.axb3 axb3 33.Qc5+ Kg8 34.Qb4 Kh7 35.Qb7+ Kh6 36.Qg7+ Kg5 37.h4+ Kxh4
38.Qxg6 Ra4 39.Kh2 Rg4 40.g3+  1-0

[Event "Cracovia Open A"]
[Site "Krakow POL"]
[Date "2011.12.27"]
[Round "1.19"]
[White "Sadzikowski,D"]
[Black "Kumor,L"]
[Result "1-0"]
[WhiteElo "2380"]
[BlackElo "2141"]

1.d4 d5 2.c4 c6 3.Nc3 Nf6 4.e3 e6 5.Nf3 Be7 6.b3 O-O 7.Bd3 Nbd7 8.Qc2 b6
9.O-O Bb7 10.Ne5 Rc8 11.Bb2 Rc7 12.Rad1 a6 13.f4 c5 14.Kh1 Re8 15.f5 Qa8
16.fxe6 fxe6 17.cxd5 cxd4 18.Nxd7 dxc3 19.Nxf6+ Bxf6 20.Bxh7+ Kh8 21.Bg6 Rec8
22.Bc1 Bxd5 23.Qe2 Bg5 24.e4 c2 25.Bxg5 cxd1=Q 26.Qxd1 Bxe4 27.Qh5+  1-0

[Event "Schachtuerken-Cup"]
[Site "Paderborn GER"]
[Date "2011.12.27"]
[Round "1.2"]
[White "Skembris,S"]
[Black "Schroeder,Kevin"]
[Result "1-0"]
[WhiteElo "2463"]
[BlackElo "2030"]

1.c4 Nf6 2.Nc3 e6 3.Nf3 d5 4.d4 c6 5.e3 Bb4 6.Qb3 a5 7.Bd2 Na6 8.a3 dxc4
9.Bxc4 Be7 10.O-O O-O 11.Rfd1 b5 12.Be2 b4 13.axb4 axb4 14.Na4 Ne4 15.Be1 Qc7
16.Qc2 f5 17.Rdc1 Bd7 18.Ne5 Be8 19.Bc4 Rf6 20.Qb3 Nac5 21.Nxc5 Rxa1 22.Rxa1 Nxc5
23.Qxb4 Nd3 24.Qa5 Qxa5 25.Bxa5 Nxe5 26.dxe5 Rh6 27.Bb6 Bd7 28.Ra7 Rh4 29.f4  1-0

[Event "Cracovia Open A"]
[Site "Krakow POL"]
[Date "2011.12.28"]
[Round "2.2"]
[White "Moranda,W"]
[Black "Skawinski,A"]
[Result "1-0"]
[WhiteElo "2568"]
[BlackElo "2300"]

1.d4 d5 2.c4 c6 3.Nc3 Nf6 4.e3 e6 5.Nf3 Nbd7 6.Bd3 dxc4 7.Bxc4 b5 8.Bd3 Bb7
9.O-O a6 10.e4 c5 11.d5 Qc7 12.Bc2 c4 13.dxe6 fxe6 14.Ng5 Nc5 15.Be3 h6 16.Nxe6 Nxe6
17.e5 Ba3 18.exf6 Bxb2 19.Nd5 Qf7 20.Qb1 Kf8 21.Bg6 Qd7 22.Qxb2 Qxd5 23.Qb4+  1-0

[Event "Schachtuerken-Cup"]
[Site "Paderborn GER"]
[Date "2011.12.28"]
[Round "4.4"]
[White "Bluebaum,M"]
[Black "Heidel,A"]
[Result "1/2-1/2"]
[WhiteElo "2403"]
[BlackElo "2155"]

1.d4 d5 2.c4 c6 3.Nc3 Nf6 4.e3 e6 5.Nf3 Be7 6.Bd3 dxc4 7.Bxc4 O-O 8.e4 b5
9.Bd3 b4 10.Na4 Ba6 11.O-O Bxd3 12.Qxd3 c5 13.e5 Nfd7 14.d5 exd5 15.Qxd5 Na6
16.Qc4 Nc7 17.b3 Nb6 18.Nxb6 axb6 19.Bb2 Qd5 20.Qc2 Rfd8 21.Rfd1 Qe6 22.Rxd8+ Rxd8
23.Rd1 Rxd1+ 24.Qxd1 Nd5 25.g3 h6 26.Qd3 Qc6 27.Nd2 Qa8 28.Ne4 Qc6 29.f4 b5
30.f5 c4 31.Qf3 Qb6+ 32.Kh1 Qe3 33.Qxe3 Nxe3 34.f6 gxf6 35.exf6 Bd8 36.Bc1 Nd5
37.Bxh6 Bxf6 38.Nd6 Nc3 39.bxc4 bxc4 40.Nxc4 Nxa2 41.Na5 Nc3  1/2-1/2

[Event "V Stadium Casablanca Open"]
[Site "Zaragoza ESP"]
[Date "2011.12.28"]
[Round "6"]
[White "Cifuentes Parada,R"]
[Black "Korneev,O"]
[Result "0-1"]
[WhiteElo "2523"]
[BlackElo "2608"]

1.d4 Nf6 2.Nf3 d5 3.c4 e6 4.Nc3 c6 5.e3 Nbd7 6.Qc2 Bd6 7.e4 dxe4 8.Nxe4 Nxe4
9.Qxe4 Nf6 10.Qc2 c5 11.dxc5 Bxc5 12.Bd3 O-O 13.O-O b6 14.Bg5 h6 15.Be4 Rb8
16.Rad1 Qe7 17.Bf4 Bb7 18.Bxb7 Rxb7 19.a3 a5 20.Ne5 Rc8 21.Qe2 Nd7 22.Qg4 Nxe5
23.Bxe5 f6 24.Bc3 Rf8 25.Rfe1 e5 26.Rd5 Rd8 27.Red1 Rxd5 28.Rxd5 Rc7 29.Qe4 Qe8
30.g3 Bf8 31.f4 Qc8 32.fxe5 Rxc4 33.Qe2 Rc5 34.Qd1 fxe5 35.Rxe5 Rxe5 36.Bxe5 Qc4
37.Qf3  0-1

[Event "28th Geneva Open A"]
[Site "Geneva SUI"]
[Date "2011.12.29"]
[Round "6"]
[White "Burnier,D"]
[Black "Ivanisevic,I"]
[Result "0-1"]
[WhiteElo "2325"]
[BlackElo "2636"]

1.d4 Nf6 2.c4 e6 3.Nf3 d5 4.Nc3 c6 5.e3 Nbd7 6.Qc2 Bd6 7.g4 h6 8.Bd2 dxc4
9.Bxc4 b5 10.Be2 Bb7 11.Rg1 Rc8 12.a3 c5 13.Nxb5 Bb8 14.Qa4 a6 15.Nc3 cxd4
16.exd4 O-O 17.g5 hxg5 18.Bxg5 Qb6 19.Qb4 Qxb4 20.axb4 Rfe8 21.Ne5 Nxe5 22.dxe5 Bxe5
23.f4 Bd4 24.Rg3 Nd5 25.Bxa6 Bxa6 26.Rxa6 Nxc3 27.bxc3 Bxc3+ 28.Ke2 Bxb4
29.Bf6 Bf8 30.Ra2 Ra8 31.Rd2 Ra4 32.Be5 Rea8 33.Rd7 Ra2+ 34.Rd2 Rxd2+ 35.Kxd2 Ra2+  0-1

[Event "Hastings Masters 2011-12"]
[Site "Hastings ENG"]
[Date "2011.12.29"]
[Round "2.24"]
[White "Barton,A"]
[Black "Radovanovic,J"]
[Result "1/2-1/2"]
[WhiteElo "2073"]
[BlackElo "2309"]

1.d4 Nf6 2.Nf3 c6 3.c4 d5 4.e3 e6 5.Nc3 Nbd7 6.cxd5 exd5 7.Bd3 Bd6 8.O-O O-O
9.Qc2 Re8 10.Bd2 Qe7 11.Rfc1 Ne4 12.Be1 Ndf6 13.h3 Kh8 14.Rab1 g5 15.Bxe4 Nxe4
16.Nxe4 Bf5 17.Nfd2 Bg6 18.b4 dxe4 19.Nc4 Bc7 20.b5 f6 21.bxc6 bxc6 22.Ba5 Bf7
23.Bxc7 Qxc7 24.Qa4 Rab8 25.Na5 Bd5 26.Nb3 Rb6 27.Rc5 Reb8 28.Rbc1 Rb4 29.Qa6 Qb6
30.Ra5 Qxa6 31.Rxa6 R8b7 32.g4 Kg7 33.Kg2 Kg6 34.Rc5 h5 35.Rca5 hxg4 36.hxg4 Bxb3
37.axb3 R4b6 38.Rxa7 Rxb3 39.Rxb7 Rxb7 40.Ra6 Rc7 41.Ra5 Rb7 42.Ra6 Rc7 43.Ra5 Rb7
44.Rc5 Rb6 45.Kg3 Kf7 46.Rc3 Ke6 47.f3 exf3 48.Kxf3 Kd6 49.Ke4 Rb1 50.Kf5 Rf1+
51.Ke4 Ra1 52.Kf5 Rf1+ 53.Ke4 Ra1 54.Kf5  1/2-1/2

[Event "Cracovia Open A"]
[Site "Krakow POL"]
[Date "2011.12.29"]
[Round "3.24"]
[White "Shilov,S"]
[Black "Thompson,I"]
[Result "1-0"]
[WhiteElo "2188"]
[BlackElo "2281"]

1.d4 d5 2.c4 c6 3.Nf3 Nf6 4.e3 e6 5.Nc3 Nbd7 6.Be2 Bd6 7.b3 O-O 8.Bb2 b6
9.Bd3 Bb7 10.g4 dxc4 11.bxc4 c5 12.d5 exd5 13.cxd5 c4 14.Bf5 Ne5 15.g5 Nd3+
16.Bxd3 cxd3 17.Qxd3 Nxd5 18.Nxd5 Bxd5 19.Ke2 Bc5 20.Rad1 Bxf3+ 21.Kxf3 Qxg5
22.Qd5 Qxd5+ 23.Rxd5 Rfd8  1-0

[Event "Czech Chess Christmas 2011"]
[Site "Litomysl CZE"]
[Date "2011.12.29"]
[Round "5.1"]
[White "Bulski,K"]
[Black "Cerveny,M"]
[Result "1/2-1/2"]
[WhiteElo "2519"]
[BlackElo "2347"]

1.d4 d5 2.c4 c6 3.e3 Nf6 4.Nc3 e6 5.Nf3 Nbd7 6.Bd3 dxc4 7.Bxc4 b5 8.Bd3 a6
9.e4 c5 10.d5 c4 11.dxe6 fxe6 12.Bc2 Qc7 13.O-O Bb7 14.Ne2 O-O-O 15.Ned4 Nc5
16.e5 Ng4 17.Qe2 Be7 18.b4 Nd3 19.Nxe6 Qc6 20.Nxd8 Rxd8 21.Bb2  1/2-1/2

[Event "Czech Chess Christmas 2011"]
[Site "Litomysl CZE"]
[Date "2011.12.29"]
[Round "6.1"]
[White "Cerveny,M"]
[Black "Burdalev,K"]
[Result "1/2-1/2"]
[WhiteElo "2347"]
[BlackElo "2314"]

1.d4 d5 2.c4 c6 3.Nf3 Nf6 4.Nc3 e6 5.e3 Nbd7 6.Bd3 Bd6 7.e4 dxe4 8.Nxe4 Nxe4
9.Bxe4 e5 10.O-O exd4 11.Qxd4 Qf6 12.Rd1 Be7 13.Qe3 Nc5 14.Bc2 Bg4 15.Re1 Ne6
16.Ng5 Nxg5 17.Qxg5 Qxg5 18.Bxg5 Be6 19.Bxe7 Kxe7 20.f4 Kf6 21.c5 Rad8 22.Rad1 Bg4
23.Rd6+  1/2-1/2

[Event "XLI Rilton Cup 2011-12"]
[Site "Stockholm SWE"]
[Date "2011.12.29"]
[Round "3"]
[White "Smith,Ax"]
[Black "Berczes,D"]
[Result "1-0"]
[WhiteElo "2480"]
[BlackElo "2555"]

1.d4 Nf6 2.c4 e6 3.Nf3 d5 4.Nc3 c6 5.e3 Nbd7 6.Qc2 Bd6 7.Bd3 O-O 8.O-O dxc4
9.Bxc4 b5 10.Bd3 Bb7 11.a3 Rc8 12.b4 a5 13.Qb3 axb4 14.axb4 Nd5 15.Nxd5 exd5
16.e4 dxe4 17.Bxe4 h6 18.Re1 Rc7 19.Bc2 Re8 20.Rxe8+ Qxe8 21.Qd3 Nf6 22.Bd2 Re7
23.Bc3 g6 24.Bb3 Nd5 25.Bxd5 cxd5 26.Ne5 Kg7 27.Qd2 Qc8 28.h3 f6 29.Ng4 g5
30.Qd3 Qe6 31.Ne3 Bc8 32.Qxb5 Rb7 33.Qxd5 Rc7 34.Qxe6 Bxe6 35.Ra6 Bf4 36.Rxe6 Rxc3
37.g3 Rc1+ 38.Kg2 Kf7 39.Ra6 Bxe3 40.fxe3 Rb1 41.Rb6 h5 42.Rb7+ Ke6 43.Rb6+ Kf5
44.g4+ hxg4 45.hxg4+ Ke4 46.Re6+ Kd3 47.d5 Ke2 48.Rxf6 Kxe3 49.Rf5 Ke4 50.Rxg5 Kf4
51.Rg6 Rd1 52.d6 Rd2+ 53.Kh3 Rb2 54.d7 Rd2 55.Rg7 Ke5 56.g5 Kf4 57.b5  1-0

[Event "Zuerich Weihnachtsopen Masters"]
[Site "Zuerich SUI"]
[Date "2011.12.29"]
[Round "5"]
[White "Kessler,L"]
[Black "Bous,F"]
[Result "1-0"]
[WhiteElo "2241"]
[BlackElo "2077"]

1.d4 d5 2.c4 c6 3.Nc3 Nf6 4.e3 e6 5.Nf3 Nbd7 6.Bd3 dxc4 7.Bxc4 b5 8.Bd3 Bb7
9.a3 b4 10.Ne4 Nxe4 11.Bxe4 Qb6 12.Bd2 a5 13.axb4 Bxb4 14.Bxb4 Qxb4+ 15.Qd2 O-O
16.O-O Nf6 17.Qxb4 axb4 18.Bd3 Nd7 19.Be4 Nf6 20.Nd2 Nxe4 21.Nxe4 Ba6 22.Rfc1 Bd3
23.Nc5 Bb5 24.f3 Rfd8 25.Kf2 Kf8 26.Nb7 Rdb8 27.Nd6 Ba4 28.e4 f6 29.e5 Ke7
30.Rc5 Kd7 31.Ke3 Bb3 32.Rca5 Rxa5 33.Rxa5 fxe5 34.dxe5 c5 35.Rxc5 Ra8 36.Rb5 Ra4
37.Rb7+ Kc6 38.Rxg7 Kd5 39.f4 Bc2 40.Rc7 b3 41.Rc3 Ra1 42.Kf3 Rb1 43.Nb5 Rf1+
44.Kg3 Rb1 45.Rxb3 Bf5 46.Nc3+ Kc4 47.Nxb1 Kxb3 48.Nd2+ Kxb2 49.Nc4+ Kc3
50.Nd6 Bg6 51.f5 exf5 52.e6 Kd3 53.e7 Ke3 54.Nxf5+  1-0

[Event "Cracovia Open A"]
[Site "Krakow POL"]
[Date "2011.12.30"]
[Round "4.7"]
[White "Gavrilov,Al1"]
[Black "Lewtak,Da"]
[Result "1-0"]
[WhiteElo "2498"]
[BlackElo "2138"]

1.d4 d5 2.c4 c6 3.Nc3 Nf6 4.e3 e6 5.Nf3 Bd6 6.Bd3 Nbd7 7.e4 Nxe4 8.Nxe4 dxe4
9.Bxe4 Nf6 10.Bc2 c5 11.O-O O-O 12.Bg5 h6 13.Bh4 Re8 14.Ba4 Rf8 15.dxc5 Bxc5
16.Qe2 Qe7 17.Rad1 a5 18.Ne5 g5 19.Bg3 Ra6 20.Bb5 Rb6 21.h4 Rd8 22.hxg5 hxg5
23.Rxd8+ Qxd8 24.Rd1 Qe7 25.Nd3 Bd7 26.Nxc5 Bxb5 27.Qe3 Ng4 28.Qd4 Be8 29.Nd3  1-0

[Event "20th Aschacher Donau"]
[Site "Aschach AUT"]
[Date "2011.12.31"]
[Round "7"]
[White "Schreiner,Pe"]
[Black "Szabolcsi,J"]
[Result "1/2-1/2"]
[WhiteElo "2371"]
[BlackElo "2382"]

1.d4 d5 2.c4 c6 3.Nf3 Nf6 4.e3 e6 5.Nc3 Nbd7 6.Qc2 Bd6 7.Bd3 dxc4 8.Bxc4 b5
9.Bd3 Bb7 10.O-O O-O 11.Rd1 Qc7 12.a3 a5 13.Bd2 b4 14.axb4 axb4 15.Na4 c5
16.dxc5 Bxf3 17.gxf3 Bxh2+ 18.Kg2 Qc6 19.Rh1 b3 20.Qxb3 Be5 21.Qc2 h6 22.Ra3 Bxb2
23.Qxb2 Rxa4 24.Rxa4 Qxa4 25.Bb5 Qa7 26.c6 Nb6 27.Rxh6 gxh6 28.Qxf6 Nd5 29.Qxh6 f6
30.e4 Nb6 31.Be3 Rf7 32.f4 Qa5 33.Be2 Qb4 34.Kf3 Nc8 35.Qg6+ Kf8 36.Qh5 Nd6
37.Qh6+ Ke7 38.Qg6 Qc3 39.Kg2 Qxc6 40.Bf3 Qb5 41.Bh5 Qc4 42.e5 fxe5 43.fxe5 Qd5+
44.Kg1 Qxe5 45.Qg5+  1/2-1/2

[Event "Hastings Masters 2011-12"]
[Site "Hastings ENG"]
[Date "2011.12.31"]
[Round "4.15"]
[White "Marusenko,P"]
[Black "Houska,Jo"]
[Result "0-1"]
[WhiteElo "2198"]
[BlackElo "2415"]

1.d4 d5 2.c4 c6 3.Nc3 Nf6 4.Nf3 e6 5.e3 Nbd7 6.b3 Bb4 7.Bd2 O-O 8.Bd3 Qe7
9.Ne5 dxc4 10.Nxc4 e5 11.O-O b5 12.Nxe5 Nxe5 13.dxe5 Qxe5 14.Qc2 Rd8 15.Rad1 Bg4
16.f3 Bd6 17.g3 Bh3 18.Rf2 Bc5 19.Ne4 Nxe4 20.Bxe4 h5 21.Re1 Rac8 22.Bc3 Qg5
23.f4 Qe7 24.Bh7+ Kf8 25.Bb2 Bb4 26.Rc1 Qxe3 27.Bf5 Rd2  0-1